[Event "GBR-ch Soanes op 106th"]
[Site "Torquay"]
[Date "2019.07.27"]
[Round "2"]
[White "Mccook, Natashane"]
[Black "Woolacott, Rob"]
[Result "1-0"]
[WhiteElo "1616"]
[BlackElo "1492"]
[PlyCount "107"]
[EventDate "2019.07.26"]
[EventType "swiss"]
[EventRounds "5"]
[EventCountry "ENG"]
[SourceTitle "EXT 2021"]
[Source "ChessBase"]
[SourceDate "2020.10.23"]
[SourceVersion "1"]
[SourceVersionDate "2020.10.23"]
[SourceQuality "1"]

1. d4 Nf6 2. Bf4 d6 3. e3 c5 4. c3 cxd4 5. cxd4 Qa5+ 6. Qd2 Nc6 7. Qxa5 Nxa5 8. Nc3 a6 9. d5 b5 10. b4 Nb7 11. Nf3 Nh5 12. Bg3 Nxg3 13. hxg3 g6 14. Rc1 Bg7 15. Bd3 Bd7 16. Ng5 h6 17. Nf3 Rc8 18. Kd2 0-0 19. Nb1 a5 20. a3 h5 21. Nc3 axb4 22. axb4 Bxc3+ 23. Rxc3 Rxc3 24. Kxc3 Rc8+ 25. Kd2 Nd8 26. Nd4 Ra8 27. Rb1 Rb8 28. Ra1 e5 29. dxe6 Nxe6 30. Ra7 Nxd4 31. Rxd7 Nc6 32. Kc3 Ne5 33. Rxd6 Ng4 34. Rd5 Nxf2 35. Rxb5 Rxb5 36. Bxb5 Ne4+ 37. Kd4 Nxg3 38. e4 h4 39. Bc4 Kf8 40. b5 Ke7 41. b6 Kd7 42. Bxf7 g5 43. b7 Kc7 44. Bd5 Ne2+ 45. Ke5 g4 46. Kf5 h3 47. gxh3 gxh3 48. e5 h2 49. e6 Nd4+ 50. Kf6 Nb5 51. e7 Nd6 52. Ke6 Ne8 53. Kf7 Nd6+ 54. Kf8 1-0